| 000 | 00757nam a2200217Ia 4500 | ||
|---|---|---|---|
| 003 | GCL | ||
| 005 | 20240530103430.0 | ||
| 008 | 140319s9999 xx 000 0 ara d | ||
| 040 |
_aGCL / _cGCL |
||
| 082 | 0 | 4 |
_a953.06 _bم ن |
| 100 | 1 | _aمحمد مسفر الزهرانى | |
| 245 | 1 | 0 |
_aنظام الوزارة فى الدولة العباسية 334 - 590 هـ العهدان البويهى والسلجوقى / _cمحمد مسفر الزهرانى |
| 250 | _aط3 | ||
| 260 |
_aبيروت : _bمؤسسة الرسالة ، _c1986 |
||
| 300 |
_a248 ص ؛ _b24 سم |
||
| 650 | 0 | 4 | _aالاحوال السياسية |
| 650 | 0 | 4 | _aالتاريخ الاسلامى |
| 650 | 0 | 4 | _aالدولة العباسية |
| 650 | 0 | 4 | _aالوزراء |
| 942 |
_2ddc _cBK |
||
| 999 |
_c39324 _d39324 |
||